000 01754cam a22001934a 4500
005 20250605164341.0
008 250528s ||||||||||||||||||||||||d
035 _a23601
040 _aGR-AtMCL
_bgre
_dGR-AtMCL
_eAACR2
245 1 _aΈρευνα Ικανοποίησης Εργαζομένων στην Περίοδο της Οικονομικής Κρίσης/ Η Περίπτωση της ''Tak J and Ρ ΑΒΑΞ Ανώνυμος ΕΤΑ
260 _c2016
300 _a118
520 _aΕισαγωγή, Σκοπός της Εργασίας, Ερωτήματα που Προκύπτουν - Στόχοι της Έρευνας, Βιβλιογραφική Ανασκόπηση, Εννοιολογικός Προσδιορισμός της Εργασιακής Ικανοποίησης, Θεωρητικές Προσεγγίσεις της Εργασιακής Ικανοποίησης, Εμπειρικές Έρευνες - Μεταβλητές Εργασιακής Ικανοποίησης, Χρηματική Αμοιβή - Παροχές, Γενικές Συνθήκες Εργασίας, Σχέσεις Μεταξύ Συναδέλφων, Σχέσεις Εργαζομένων και Διοίκησης-Ηγεσίας, Αξιοποίηση Ικανοτήτων και Δεξιοτήτων, Αίσθημα Ασφάλειας στην Εργασία, Σχεδιασμός και Στρατηγική Έρευνας, Μέθοδος Ανάλυσης Δεδομένων, Έλεγχος Αξιοπιστίας, Υλοποίηση της Έρευνας, Ηθικές Προεκτάσεις.
700 1 _aΛιανός Πάρης
_99190
700 1 _aΜιχελάκης Ευτύχιος
_99191
942 _cDS
999 _c8601
_d8601